[Event "Naumburg Osteropen 9th"]
[Site "Naumburg Saale"]
[Date "2014.04.20"]
[Round "4.9"]
[White "Treiber, Marco"]
[Black "Naundorf, Johannes"]
[Result "1/2-1/2"]
[WhiteElo "1921"]
[BlackElo "1766"]
[PlyCount "66"]
[EventDate "2014.04.19"]
[EventType "swiss"]
[EventRounds "5"]
[EventCountry "GER"]
[SourceTitle "EXT 2020"]
[Source "ChessBase"]
[SourceDate "2019.10.17"]
[SourceVersion "1"]
[SourceVersionDate "2019.10.17"]
[SourceQuality "1"]

1. d4 c5 2. d5 Nf6 3. c4 d6 4. g3 g6 5. Bg2 Bg7 6. Nc3 0-0 7. Nf3 Na6 8. 0-0 Nc7 9. Ne1 Rb8 10. a4 a6 11. a5 b5 12. axb6 Rxb6 13. e4 Nfe8 14. g4 f5 15. exf5 gxf5 16. g5 e5 17. dxe6 Bxe6 18. Qe2 d5 19. cxd5 Nxd5 20. Na4 Rd6 21. Nxc5 Bc8 22. Ra4 Qb6 23. Ned3 Nec7 24. Rh4 h6 25. gxh6 Bxh6 26. Bxh6 Rxh6 27. Rxh6 Qxh6 28. Qe5 Rd8 29. Rd1 Qf6 30. Qg3+ Kf8 31. Ne5 f4 32. Qa3 Kg7 33. Nc4 Bg4 1/2-1/2